NBA team quizzes Charlotte Hornets - Statistics

General Stats
  • This quiz has been taken 46 times
  • The average score is 7 of 11
Answer Stats
Hint Answer % Correct
points leader Kemba Walker
93%
how many rings do they have 0
85%
smallest NBA player ever (played on hornets in the 90s) Muggsy Bogues
80%
old team name (don't include location) Bobcats
78%
player from the ball family LaMelo Ball
73%
when were the Hornets Founded 1988
55%
Assists Leader Muggsy Bogues
55%
Blocks Leader Alonzo Mourning
48%
Steals Leader Muggsy Bogues
48%
what season did they have the worst win pct in NBA history (xxxx-xx) 2011-12
25%
Rebounds Leader Emeka Okafor
13%
No matching quizzes found
Score Distribution
Percent of People with Each Score
Percentile by Number Answered
Your Score History
You have not taken this quiz